[Event "AUTO-ADV-4844"]
[Site "http://www.queenalice.com/game.php?id=1851283"]
[Date "2025.1.31"]
[Round "1"]
[White "MMA34"]
[Black "wiktormool"]
[Result "0-1"]
[WhiteElo "1915"]
[BlackElo "1979"]

1. e4 c5 2. Nf3 a6 3. d4 e6 4. Be2 Nc6 5. d5 exd5 6. exd5 Nce7 7. c4 b5 8. Be3
Nf5 9. Qd2 Nf6 10. Nc3 b4 11. Nd1 d6 12. Bg5 Be7 13. O-O Ne4 14. Bxe7 Nxd2 15.
Bxd8 Nxf1 16. Bg5 h6 17. Bc1 Nxh2 18. Kxh2 g5 19. g4 Ne7 20. Ne3 h5 21. gxh5
Rxh5+ 22. Kg1 g4 23. Nh2 f5 24. Ng2 Bd7 25. Nf4 Rh7 26. Be3 O-O-O 27. Kg2 Rdh8
28. Rh1 Be8 29. Ne6 Bf7 30. Ng5 Rg7 31. Nxf7 Rxf7 32. Bf4 Kc7 33. Nf1 Rxh1 34.
Kxh1 Ng6 35. Bh2 Re7 36. Bd3 Nh4 37. Bf4 Rh7 38. Kg1 Nf3+ 39. Kg2 Ne1+ 40. Kg3
Rh3# 0-1

[Event "AUTO-ADV-4844"]
[Site "http://www.queenalice.com/game.php?id=1851289"]
[Date "2025.1.31"]
[Round "1"]
[White "MMA34"]
[Black "eloy"]
[Result "1-0"]
[WhiteElo "1836"]
[BlackElo "1724"]

1. e4 e5 2. Nf3 Nc6 3. Bb5 d6 4. d4 Bg4 5. d5 a6 6. Bxc6+ bxc6 7. dxc6 Nf6 8.
Qd3 Bxf3 9. Qxf3 Be7 10. Nc3 O-O 11. O-O h6 12. Be3 Qe8 13. Qg3 Nh5 14. Qf3 Qxc6
15. Qxh5 d5 16. exd5 Qg6 17. Qxg6 fxg6 18. a3 Rab8 19. b4 g5 20. Rfe1 Bd6 21.
Ne4 Rb5 22. c4 Rb7 23. c5 Be7 24. f3 Rbb8 25. d6 cxd6 26. cxd6 Bd8 27. Nc5 Bf6
28. Nd7 Rb7 29. Nxf8 1-0

[Event "AUTO-INT-3903"]
[Site "http://www.queenalice.com/game.php?id=1851988"]
[Date "2025.2.12"]
[Round "2"]
[White "nicholasmorassutti"]
[Black "MMA34"]
[Result "0-1"]
[WhiteElo "1580"]
[BlackElo "1848"]

1. e4 c5 2. Nf3 d6 3. Bb5+ Bd7 4. Bxd7+ Nxd7 5. O-O Ngf6 6. Qe2 e6 7. b3 g6 8.
c4 Bg7 9. d4 Nh5 10. e5 dxe5 11. dxe5 Qc7 12. Bb2 Bh6 13. Nc3 a6 14. Rad1 Rd8
15. Bc1 Bxc1 16. Rxc1 Nb8 17. Ne4 Qe7 18. Qe3 Ng7 19. Qh6 Nf5 20. a3 Nxh6 21. h3
O-O 22. b4 cxb4 23. c5 Nc6 24. axb4 Nxb4 25. Neg5 f6 26. exf6 Qxf6 27. Rc4 Nc6
28. Rb1 Rd7 29. Ne4 Qe7 30. Rc2 Nf5 31. Rcb2 Rfd8 32. Rxb7 Rxb7 33. Rf1 Nfd4 34.
Nfg5 h6 35. f4 hxg5 36. Nxg5 Qxc5 37. Rd1 Nf3+ 38. Kf1 Rxd1+ 39. Ke2 Rd2+ 40.
Kxf3 Rb3+ 41. Ke4 Qd4# 0-1

[Event "AUTO-INT-3903"]
[Site "http://www.queenalice.com/game.php?id=1851989"]
[Date "2025.2.12"]
[Round "2"]
[White "MMA34"]
[Black "nicholasmorassutti"]
[Result "1-0"]
[WhiteElo "1855"]
[BlackElo "1593"]

1. e4 e5 2. Nf3 Nc6 3. Bb5 a6 4. Ba4 b5 5. Bb3 Bd6 6. c3 Nf6 7. d3 O-O 8. Bg5 h6
9. Bh4 Be7 10. Nbd2 Ng4 11. Bxe7 Qxe7 12. h3 Nf6 13. g3 a5 14. Qe2 Bb7 15. Nh2
a4 16. Bc2 Rae8 17. f4 Nh5 18. Qxh5 exf4 19. gxf4 d6 20. Rg1 Qf6 21. Qf3 Bc8 22.
Ng4 Qh4+ 23. Ke2 Re6 24. f5 Re7 25. Raf1 Ne5 26. Nxe5 Rxe5 27. Qg4 Qxg4+ 28.
hxg4 g5 29. Rh1 Kg7 30. Nf3 Ree8 31. Rh5 Rh8 32. Rfh1 Rh7 33. Nxg5 Reh8 34. Nxh7
Rxh7 35. Ke3 c5 36. Bd1 b4 37. c4 Bd7 38. g5 Bxf5 39. exf5 Rh8 40. Rxh6 f6 41.
gxf6+ Kf7 42. Rxh8 Kxf6 43. Kf4 d5 44. R1h6+ Kg7 45. R8h7+ Kg8 46. Ra7 dxc4 47.
dxc4 1-0

[Event "AUTO-INT-3903"]
[Site "http://www.queenalice.com/game.php?id=1851990"]
[Date "2025.2.12"]
[Round "2"]
[White "juim"]
[Black "MMA34"]
[Result "0-1"]
[WhiteElo "1614"]
[BlackElo "1853"]

1. e4 c5 2. d4 cxd4 3. Qxd4 Nc6 4. Qc5 d6 5. Qg5 h6 6. Qf4 Nf6 7. Bb5 Qc7 8. e5
dxe5 9. Qd2 e6 10. Nf3 Be7 11. O-O O-O 12. Qe3 a6 13. Bd3 Bd7 14. Na3 b5 15. Bd2
Rfd8 16. Bc3 b4 17. Bxe5 Nxe5 18. Nxe5 bxa3 19. bxa3 Nd5 20. Qf3 Bf6 21. Nxd7
Bxa1 22. Rxa1 Qxd7 23. Re1 Nf6 24. h3 Qd5 25. Qd1 Qxa2 26. Re2 Qxa3 27. Rd2 Qe7
28. c3 a5 29. Qe2 a4 30. Bb5 a3 31. Ra2 Nd5 32. Rd2 Nxc3 33. Rxd8+ Qxd8 34. Qe5
Nxb5 35. Qxb5 a2 0-1

[Event "AUTO-INT-3903"]
[Site "http://www.queenalice.com/game.php?id=1851991"]
[Date "2025.2.12"]
[Round "2"]
[White "MMA34"]
[Black "juim"]
[Result "1-0"]
[WhiteElo "1846"]
[BlackElo "1621"]

1. e4 d5 2. exd5 Qxd5 3. Nc3 Qd8 4. h3 e6 5. Nf3 Bb4 6. Be2 Bxc3 7. dxc3 Qxd1+
8. Bxd1 Nf6 9. O-O O-O 10. Be3 b6 11. Be2 Nd5 12. Bd2 Bb7 13. Rad1 Nc6 14. Rfe1
a5 15. c4 Nf6 16. Bg5 Ne4 17. Be3 Nc5 18. Bxc5 bxc5 19. a3 Ne5 20. Nxe5 Be4 21.
Bd3 Bb7 22. Be4 Bxe4 23. Rxe4 Rab8 24. b3 Rb7 25. Nd7 Re8 26. Nxc5 Ra7 27. Red4
g6 28. Ne4 Kg7 29. Rd7 Kg8 30. Nf6+ Kg7 31. Nxe8+ Kh6 32. Rxc7 Rxc7 33. Nxc7 Kg5
34. c5 1-0

[Event "AUTO-ADV-4842"]
[Site "http://www.queenalice.com/game.php?id=1853021"]
[Date "2025.2.27"]
[Round "2"]
[White "MMA34"]
[Black "hjs50667"]
[Result "0-1"]
[WhiteElo "1879"]
[BlackElo "2167"]

1. e4 e6 2. d4 d5 3. exd5 exd5 4. h3 Nf6 5. Nf3 Bd6 6. Be2 O-O 7. O-O Bf5 8. Bg5
Nbd7 9. Nbd2 c6 10. Re1 Qb6 11. Nb3 h6 12. Bh4 Rae8 13. Bd3 Rxe1+ 14. Qxe1 Bxd3
15. cxd3 Re8 16. Qd2 Qc7 17. Bxf6 Nxf6 18. Re1 Rxe1+ 19. Qxe1 g6 20. Qe2 Kg7 21.
Kh1 Nh5 22. g4 Nf4 23. Qf1 Qb6 24. Kg1 Qb5 25. Ne5 Bxe5 0-1

[Event "AUTO-ADV-4842"]
[Site "http://www.queenalice.com/game.php?id=1853022"]
[Date "2025.2.27"]
[Round "2"]
[White "hjs50667"]
[Black "MMA34"]
[Result "1-0"]
[WhiteElo "2170"]
[BlackElo "1875"]

1. e4 c5 2. Nf3 d6 3. d4 cxd4 4. Nxd4 Nc6 5. Nc3 Nf6 6. Bc4 e5 7. Nf3 h6 8. O-O
Be7 9. h3 O-O 10. Be3 Re8 11. Qe2 a6 12. a4 b6 13. Nd5 Nxd5 14. Bxd5 Bb7 15. Qc4
Rf8 16. Rfd1 Qc7 17. c3 Rac8 18. Nd2 Bd8 19. b4 Ne7 20. Qxc7 Rxc7 21. Bxb7 Rxb7
22. Nc4 Nc8 23. Nxd6 1-0

[Event "AUTO-ADV-4842"]
[Site "http://www.queenalice.com/game.php?id=1853023"]
[Date "2025.2.27"]
[Round "2"]
[White "MMA34"]
[Black "Canaye14"]
[Result "0-1"]
[WhiteElo "1861"]
[BlackElo "1888"]

1. e4 e6 2. d4 d5 3. exd5 exd5 4. h3 Bb4+ 5. c3 Bd6 6. Nf3 Ne7 7. Bd3 c5 8. O-O
Nbc6 9. Re1 O-O 10. Qc2 g6 11. Bh6 Re8 12. Nbd2 c4 13. Be2 Nf5 14. Bg5 f6 15.
Be3 Nxe3 16. fxe3 Rxe3 17. Nf1 Re8 18. N1h2 Bf5 19. Qd2 Qc7 20. Bf1 Re4 21. g4
Bd7 22. Bg2 Rae8 23. Rxe4 dxe4 24. d5 Nd8 25. Qd4 exf3 26. Nxf3 Bc5 0-1

[Event "AUTO-ADV-4842"]
[Site "http://www.queenalice.com/game.php?id=1853024"]
[Date "2025.2.27"]
[Round "2"]
[White "Canaye14"]
[Black "MMA34"]
[Result "0-1"]
[WhiteElo "1919"]
[BlackElo "1859"]

1. d4 Nf6 2. Bf4 e6 3. Nf3 Be7 4. e3 Nc6 5. c3 d5 6. Bd3 h6 7. h4 Bd6 8. Ne5
Bxe5 9. Bxe5 Nxe5 10. dxe5 Nh7 11. Nd2 c5 12. a4 c4 13. Bb1 O-O 14. Qc2 f5 15.
exf6 Nxf6 16. Nf3 Qc7 17. Rh3 e5 18. Rg3 e4 19. Nd4 Nh5 20. Rg6 Kf7 21. Nb5 Qh2
22. Rd6 Qg1+ 23. Kd2 Qxf2+ 24. Kc1 Qxe3+ 25. Qd2 Qg1+ 26. Kc2 Ke7 27. Nd4 Kxd6
28. b4 e3 29. Qxe3 Qxe3 30. Kb2 Rf1 31. Bg6 Qd2+ 32. Nc2 Rxa1 33. Kxa1 Qxc3+ 34.
Kb1 Qb3+ 35. Kc1 c3 36. Bxh5 Bf5 0-1

[Event "AUTO-ADV-4851"]
[Site "http://www.queenalice.com/game.php?id=1853632"]
[Date "2025.3.10"]
[Round "1"]
[White "MMA34"]
[Black "silverado"]
[Result "0-1"]
[WhiteElo "1912"]
[BlackElo "1991"]

1. e4 e5 2. Nf3 Nc6 3. Bb5 Qf6 4. Nc3 a6 5. Ba4 b5 6. Bb3 Na5 7. Nd5 Qd6 8. O-O
Bb7 9. Re1 Nxb3 10. axb3 f6 11. c4 Ne7 12. d4 exd4 13. Qxd4 c5 14. Qd3 b4 15.
Bf4 Qc6 16. Nc7+ Kd8 17. Nxa8 Bxa8 18. Qd6 Ng6 19. Qxc6 Bxc6 20. Rxa6 Nxf4 21.
Nd2 Nd3 22. Rb1 Bd6 23. f3 Ke7 24. Nf1 Nf4 25. Ne3 g6 26. Nd5+ Ke6 27. Nxf4+
Bxf4 28. g3 Be3+ 29. Kf1 g5 30. Ke2 Bd4 31. Kd3 h5 32. Ra2 f5 33. Rf1 fxe4+ 34.
fxe4 g4 35. Rf5 h4 36. Rf4 hxg3 37. hxg3 Rg8 38. Rf1 Be5 39. Rg1 Bd4 40. Raa1
Bxg1 41. Rxg1 Ke5 42. Re1 Rf8 43. Re3 Rf3 0-1

[Event "AUTO-ADV-4851"]
[Site "http://www.queenalice.com/game.php?id=1853633"]
[Date "2025.3.10"]
[Round "1"]
[White "silverado"]
[Black "MMA34"]
[Result "0-1"]
[WhiteElo "1999"]
[BlackElo "1892"]

1. d4 Nf6 2. Nf3 e6 3. a3 Be7 4. h3 O-O 5. Nc3 b6 6. e4 Bb7 7. Bd3 c5 8. b3 d6
9. dxc5 dxc5 10. O-O Nbd7 11. e5 Nd5 12. Nxd5 Bxd5 13. c4 Bb7 14. Bf4 Qc7 15.
Re1 Rfe8 16. Ng5 Bxg5 17. Bxg5 Nf8 18. Qg4 Ng6 19. f4 h6 20. Bh4 Nxh4 21. Qxh4
Qe7 22. Qg4 Rad8 23. Red1 Rd4 24. Ra2 Red8 25. Rad2 R8d7 26. g3 Qd8 27. h4 Rxd3
28. Rxd3 Rxd3 29. Rb1 Qd4+ 30. Kf1 Rf3+ 31. Kg2 Rxb3+ 0-1

[Event "AUTO-ADV-4851"]
[Site "http://www.queenalice.com/game.php?id=1853634"]
[Date "2025.3.10"]
[Round "1"]
[White "MMA34"]
[Black "Givanildo"]
[Result "1-0"]
[WhiteElo "1908"]
[BlackElo "1665"]

1. e4 d5 2. exd5 Qxd5 3. Nc3 Qe5+ 4. Be2 Bf5 5. Nf3 Qd6 6. d3 e6 7. Be3 b6 8.
Qd2 Nd7 9. h3 h6 10. g4 Bg6 11. a3 O-O-O 12. O-O-O Ne7 13. Nd4 a6 14. f4 Nd5 15.
Nxd5 Qxd5 16. Kb1 c5 17. Bf3 Qd6 18. Nb3 Bh7 19. Qg2 g5 20. fxg5 Ne5 21. gxh6
Nxf3 22. Qxf3 Bg6 23. g5 a5 24. Qa8+ Kd7 25. Qf3 Ke8 26. Qf6 Rh7 27. Nd2 Be7 28.
Qf3 b5 29. Rhf1 b4 30. Nc4 Qc7 31. Bf4 Qb7 32. Qxb7 bxa3 33. Nxa3 f5 34. Qc6+
Kf7 35. Nc4 Kg8 36. Ne5 Rd6 37. Qb5 Rh8 38. Nxg6 Rh7 39. Qe8+ Bf8 40. Qxf8# 1-0

[Event "AUTO-ADV-4851"]
[Site "http://www.queenalice.com/game.php?id=1853635"]
[Date "2025.3.10"]
[Round "1"]
[White "Givanildo"]
[Black "MMA34"]
[Result "1/2-1/2"]
[WhiteElo "1653"]
[BlackElo "1914"]

1. d4 Nf6 2. h3 e6 3. Bf4 Be7 4. e3 O-O 5. Nf3 c5 6. c3 Nc6 7. Bc4 d5 8. Bb3 c4
9. Bc2 Ne4 10. O-O f5 11. Ne5 Nxe5 12. Bxe5 Bf6 13. Bf4 h6 14. Nd2 b6 15. Nxe4
fxe4 16. b3 b5 17. b4 a5 18. a3 a4 19. Qg4 Kh8 20. Be5 Bxe5 21. dxe5 Ra7 22. f4
Raf7 23. h4 Qe7 24. g3 Bd7 25. h5 Be8 26. Kg2 Rf5 27. Rh1 Qa7 28. Rae1 Qe7 29.
Rh4 Qf7 30. Qh3 Rxh5 31. Rxh5 Qxh5 32. Qxh5 Bxh5 33. Kh3 g5 34. g4 Bf7 35. fxg5
hxg5 36. Kg3 Kg7 37. Bd1 Rh8 38. Be2 Rh4 39. Bf1 Rh6 40. Bg2 Rh4 41. Rf1 Rh6 42.
Rh1 Rxh1 1/2-1/2

[Event "AUTO-ADV-4851"]
[Site "http://www.queenalice.com/game.php?id=1853636"]
[Date "2025.3.10"]
[Round "1"]
[White "MMA34"]
[Black "bdpq"]
[Result "1-0"]
[WhiteElo "1906"]
[BlackElo "1672"]

1. e4 d5 2. exd5 Qxd5 3. Nc3 Qd8 4. h3 e6 5. a3 Bc5 6. Nf3 Nf6 7. d3 Bd7 8. Bg5
Be7 9. Qd2 h6 10. Bh4 O-O 11. Be2 c6 12. O-O Bd6 13. Bxf6 Qxf6 14. Ne4 Qe7 15.
Nxd6 Qxd6 16. Rfe1 c5 17. Bf1 Nc6 18. Rad1 Nd4 19. Nxd4 cxd4 20. f4 e5 21. fxe5
Qb6 22. Qb4 Qxb4 23. axb4 a5 24. c3 dxc3 25. bxc3 axb4 26. cxb4 b5 27. d4 Ra4
28. Rb1 Bf5 29. Rb2 Ra3 30. Bxb5 Rb8 31. Bc6 Rg3 32. Bf3 Bxh3 33. d5 Bf5 34. b5
Bg6 35. d6 f5 36. e6 f4 37. e7 Be8 38. b6 Bd7 39. b7 Kf7 40. Rc1 Ke6 41. Rd1 Rg5
42. Re2+ Kf7 43. Rc1 Rb5 44. Rc7 Be6 45. Rxe6 Kxe6 46. Rc8 R5xb7 47. e8=Q+ Kf6
48. Rxb8 Ra7 49. d7 g5 50. d8=Q+ 1-0

[Event "AUTO-ADV-4851"]
[Site "http://www.queenalice.com/game.php?id=1853637"]
[Date "2025.3.10"]
[Round "1"]
[White "bdpq"]
[Black "MMA34"]
[Result "0-1"]
[WhiteElo "1679"]
[BlackElo "1899"]

1. e4 c6 2. d4 d5 3. exd5 cxd5 4. Nc3 Nf6 5. Bg5 e6 6. Bb5+ Bd7 7. Nf3 Be7 8.
Bxd7+ Qxd7 9. O-O Nc6 10. Ne5 Nxe5 11. dxe5 Ng8 12. Bxe7 Nxe7 13. Qf3 Ng6 14.
Qd3 O-O 15. Ne2 Nxe5 16. Qd1 Rac8 17. c3 Nc6 18. Qd3 h6 19. Nf4 a6 20. Nh5 f5
21. Rfe1 Qf7 22. Nf4 Rce8 23. Qe2 e5 24. Nd3 f4 25. Nxe5 Nxe5 26. Qf1 Nc6 27.
Rxe8 Rxe8 28. h3 Qe6 29. Qd3 Qe4 30. Qf1 Qe2 31. Qxe2 Rxe2 32. b4 Kf7 33. Kf1
Rc2 34. a3 Rxc3 35. b5 Ne7 36. a4 Kf6 37. bxa6 bxa6 38. Rb1 Rc6 39. Ke2 d4 40.
Kf3 Kf5 41. Rb7 Ke6 42. Kxf4 d3 43. Ke3 Rd6 44. f4 d2 45. Rb1 d1=Q 46. f5+ Nxf5+
47. Kf4 Rd4# 0-1

[Event "AUTO-INT-3904"]
[Site "http://www.queenalice.com/game.php?id=1853725"]
[Date "2025.3.12"]
[Round "2"]
[White "Jomaley"]
[Black "MMA34"]
[Result "0-1"]
[WhiteElo "1499"]
[BlackElo "1902"]

1. e4 c5 2. c4 d6 3. d3 Nf6 4. Bg5 h6 5. Bxf6 exf6 6. g3 Nc6 7. Qa4 Bd7 8. Qb3
Rb8 9. Bh3 Nd4 10. Qc3 Bxh3 11. Nxh3 g5 12. b4 Qd7 13. Ng1 b6 14. bxc5 bxc5 15.
Nd2 Bg7 16. Ngf3 Ne6 17. O-O f5 18. exf5 Bxc3 19. fxe6 Qxe6 20. Rae1 Be5 21. d4
cxd4 22. Rxe5 dxe5 23. Re1 f6 24. h4 Rb2 25. a4 Kf7 26. hxg5 hxg5 27. c5 Qh3 28.
Nxg5+ fxg5 29. Rxe5 Rxd2 30. Rxg5 Qh1# 0-1

[Event "AUTO-INT-3904"]
[Site "http://www.queenalice.com/game.php?id=1853726"]
[Date "2025.3.12"]
[Round "2"]
[White "MMA34"]
[Black "Jomaley"]
[Result "1-0"]
[WhiteElo "1912"]
[BlackElo "1471"]

1. e4 e5 2. Nf3 Bd6 3. Bc4 Nh6 4. d3 c6 5. h3 Qe7 6. Bg5 f6 7. Bh4 g5 8. Bg3 b5
9. Bb3 Bb4+ 10. c3 Bc5 11. Nbd2 b4 12. Bc4 bxc3 13. bxc3 Ba6 14. Qb3 g4 15. Nh2
gxh3 16. gxh3 Bxc4 17. Nxc4 d6 18. Ne3 Bxe3 19. fxe3 a5 20. Kd2 a4 21. Qc2 Nd7
22. Rhf1 O-O 23. Rg1 Kh8 24. Raf1 d5 25. exd5 cxd5 26. Rb1 f5 27. Bf2 f4 28.
Rbf1 fxe3+ 29. Bxe3 Rxf1 30. Rxf1 e4 31. Bxh6 exd3 32. Qxd3 Ra5 33. Qd4+ Kg8 34.
Rg1+ Kf7 35. Rg7+ Ke8 36. Rxe7+ Kxe7 37. Bg5+ Ke8 38. Qh8+ Nf8 39. Qg7 d4 40.
Qe7# 1-0

[Event "AUTO-INT-3904"]
[Site "http://www.queenalice.com/game.php?id=1853731"]
[Date "2025.3.12"]
[Round "2"]
[White "MMA34"]
[Black "Rocio"]
[Result "1-0"]
[WhiteElo "1906"]
[BlackElo "1545"]

1. e4 e5 2. Nf3 Nc6 3. d4 Bb4+ 4. c3 Bd6 5. d5 Nce7 6. Bg5 f6 7. Be3 a6 8. g4 h6
9. h4 b6 10. Bd3 Bb7 11. b4 Ng6 12. Qd2 Qe7 13. a4 c6 14. dxc6 dxc6 15. Bxb6 Nf4
16. Bc4 Ng2+ 17. Kf1 Nf4 18. Be3 Qd7 19. Bxf4 exf4 20. Kg2 Qxg4+ 21. Kf1 Qxf3
22. Rg1 Rd8 23. Qe2 Qh3+ 24. Ke1 f3 25. Qe3 Ne7 26. Nd2 Qh2 27. Rf1 Qxh4 28.
Qxf3 Rf8 29. Kd1 Bc8 30. Kc2 Bg4 31. Qe3 f5 32. Rh1 Qf6 33. f3 fxe4 34. fxg4 c5
35. b5 axb5 36. Bxb5+ Kf7 37. Rhf1 Nf5 38. Rxf5 Be5 39. Rxf6+ Bxf6 40. Bc4+ Ke7
41. Qxe4+ Kd7 42. a5 Rde8 43. Bb5+ Kd8 44. Bxe8 Rxe8 45. Qd5+ Ke7 46. Re1+ Kf8
47. Qxc5+ Be7 48. Rxe7 Rxe7 49. a6 Ke8 50. a7 Kf7 51. a8=Q Re6 52. Qf5+ Ke7 53.
Qb7+ Kd6 54. Qfd5# 1-0

[Event "AUTO-INT-3904"]
[Site "http://www.queenalice.com/game.php?id=1853732"]
[Date "2025.3.12"]
[Round "2"]
[White "Rocio"]
[Black "MMA34"]
[Result "0-1"]
[WhiteElo "1538"]
[BlackElo "1904"]

1. e4 c6 2. a3 d5 3. e5 Bf5 4. Nc3 e6 5. Nf3 Bc5 6. h3 b5 7. d3 h6 8. Bd2 Nd7 9.
d4 Bb6 10. Be2 a6 11. g4 Bh7 12. g5 hxg5 13. Bxg5 f6 14. Bf4 Qe7 15. Qd2 g5 16.
exf6 Ngxf6 17. Bxg5 Qf7 18. Rg1 O-O-O 19. Bf4 Kb7 20. a4 Rhg8 21. Rf1 Ne4 22.
Nxe4 dxe4 23. Nh2 Rdf8 24. axb5 axb5 25. c4 Ra8 26. Rc1 Qe7 27. cxb5 c5 28. dxc5
Bxc5 29. b4 Bxb4 30. Rc3 Rgc8 31. Rb3 Bxd2+ 32. Bxd2 Ra1+ 33. Bd1 Qd6 34. Ke2
Nc5 35. Re3 Ra2 36. Re1 Rxd2+ 37. Kf1 Rxd1 38. b6 Rxe1+ 39. Kxe1 Nd3+ 40. Kf1
Qxh2 41. Ke2 Qxf2+ 42. Kd1 Qxe3 43. h4 Nc5 44. Kc2 Qd3+ 45. Kb2 e3 46. Kc1 e2
47. Kb2 e1=Q 48. h5 Qee2+ 49. Kc1 Qdd2# 0-1

[Event "AUTO-ADV-4855"]
[Site "http://www.queenalice.com/game.php?id=1854564"]
[Date "2025.3.27"]
[Round "1"]
[White "altair"]
[Black "MMA34"]
[Result "0-1"]
[WhiteElo "1736"]
[BlackElo "1914"]

1. e4 c5 2. d3 d6 3. h3 Nf6 4. Nf3 e5 5. a3 Be7 6. Be2 O-O 7. O-O Nc6 8. Nc3 h6
9. Nd5 Nxd5 10. c4 Nf4 11. Bxf4 exf4 12. Qd2 g5 13. Nh2 f6 14. Ng4 Bxg4 15. Bxg4
Ne5 16. Be6+ Kg7 17. b4 b6 18. d4 Ng6 19. bxc5 dxc5 20. Bd5 Rb8 21. g3 Bd6 22.
a4 Ne7 23. Rfe1 Nxd5 24. cxd5 cxd4 25. Qxd4 Be5 26. Qd2 Bxa1 27. Rxa1 Rc8 28.
Rc1 Rxc1+ 29. Qxc1 Qc8 30. Qf1 fxg3 31. fxg3 Qc5+ 32. Kh1 Re8 33. Qf3 Qd4 34.
Qf5 Qxe4+ 35. Qxe4 Rxe4 36. Kg2 Rd4 0-1

[Event "AUTO-ADV-4855"]
[Site "http://www.queenalice.com/game.php?id=1854565"]
[Date "2025.3.27"]
[Round "1"]
[White "MMA34"]
[Black "altair"]
[Result "1-0"]
[WhiteElo "1902"]
[BlackElo "1746"]

1. e4 e5 2. Nf3 d6 3. d4 Nc6 4. d5 Nce7 5. h3 Nf6 6. Bd3 h6 7. c4 c6 8. b4 a6 9.
Nc3 cxd5 10. cxd5 b5 11. Bb2 Bb7 12. Rc1 Nc8 13. Ne2 Be7 14. O-O O-O 15. Ng3 Nb6
16. Re1 Na4 17. Ba1 Rc8 18. Qd2 Rxc1 19. Rxc1 Nh7 20. Nf5 Ng5 21. Nxe7+ Qxe7 22.
Nxg5 hxg5 23. Bc2 Nb6 24. Bb3 Rc8 25. Rxc8+ Bxc8 26. Qc2 g4 27. hxg4 Bxg4 28. f3
Bh5 29. Bb2 Qg5 30. Bc1 Qg6 31. g4 Bxg4 32. fxg4 Qxg4+ 33. Qg2 Qh4 34. Qf2 Nc4
35. Qxh4 1-0

[Event "AUTO-ADV-4855"]
[Site "http://www.queenalice.com/game.php?id=1854583"]
[Date "2025.3.27"]
[Round "1"]
[White "matamuff"]
[Black "MMA34"]
[Result "0-1"]
[WhiteElo "1931"]
[BlackElo "1910"]

1. Na3 g6 2. Nf3 Bg7 3. c3 Nf6 4. g3 d5 5. d4 c6 6. Bg2 O-O 7. O-O Re8 8. Nc2
Nbd7 9. Bf4 Nh5 10. Bd2 Nhf6 11. Bg5 h6 12. Bd2 Ne4 13. Be3 b6 14. Nd2 Ndf6 15.
Nxe4 dxe4 16. Qc1 Kh7 17. h3 Bb7 18. f3 exf3 19. exf3 Rc8 20. Nb4 a5 21. Nc2 Nd5
22. Bf2 e6 23. Re1 b5 24. Ne3 Qc7 25. Rb1 Nxe3 26. Qxe3 Rcd8 27. Kh2 e5 28. dxe5
Rxe5 29. Qb6 Qxb6 30. Bxb6 Rd3 31. f4 Rxe1 32. Rxe1 Rd2 33. Rb1 c5 34. Bxc5
Rxg2+ 0-1

[Event "AUTO-ADV-4837"]
[Site "http://www.queenalice.com/game.php?id=1854693"]
[Date "2025.3.28"]
[Round "2"]
[White "MMA34"]
[Black "Connor"]
[Result "0-1"]
[WhiteElo "1904"]
[BlackElo "1859"]

1. e4 e5 2. Nf3 d6 3. h3 Nf6 4. Nc3 Be7 5. Be2 Bd7 6. O-O O-O 7. d4 exd4 8. Nxd4
Nc6 9. Bg5 Re8 10. Nf5 Bxf5 11. exf5 Nd7 12. Be3 a6 13. a3 Bf6 14. Bf3 Nce5 15.
Bxb7 Rb8 16. Bxa6 Rxb2 17. Ne4 Qa8 18. Be2 Qxe4 19. Bd3 Nxd3 20. Qxd3 Qxd3 21.
cxd3 Rb3 22. Ra2 Rxd3 0-1

[Event "AUTO-ADV-4837"]
[Site "http://www.queenalice.com/game.php?id=1854694"]
[Date "2025.3.28"]
[Round "2"]
[White "Connor"]
[Black "MMA34"]
[Result "0-1"]
[WhiteElo "1877"]
[BlackElo "1886"]

1. d4 Nf6 2. e3 g6 3. Nf3 Bg7 4. c4 O-O 5. Nc3 d5 6. cxd5 Nxd5 7. Nxd5 Qxd5 8.
Be2 Bg4 9. O-O Nd7 10. Qc2 c6 11. a3 b5 12. b4 Rac8 13. a4 a6 14. a5 Rfe8 15.
Bb2 e6 16. Rfe1 Bf5 17. Bd3 Bg4 18. e4 Qh5 19. Be2 Bxf3 20. Bxf3 Qg5 21. Rab1
Qe7 22. Qd2 Red8 23. Qe2 Nf8 24. Red1 Qxb4 0-1